000 00728cam a22002414a 4500
001 e 10000972
003 DLC
005 20260227111153.0
008 990524s1876 fr 000 0 fre
010 _ae 10000972
040 _aDLC
_cDLC
042 _apcc
043 _ae-fr---
050 0 0 _aLA691.7
_b.B39 1876
100 1 _aBautain, L.
_q(Louis),
_d1796-1867.
245 1 0 _aDe l'éducation publique en France au XIX siècle /
_cpar l'abbé L.-E. Bautain.
246 3 0 _aEducation publique
260 _aParis :
_bBray et Retaux,
_c1876.
300 _aviii, 326 p. ;
_c29 cm.
650 0 _aEducation
_zFrance
_xHistory
_y19th century.
650 0 _aEducation and state
_zFrance.
650 0 _aChurch and education
_zFrance.
999 _c18985
_d18985